000 00486nam a2200169Ia 4500
003 OSt
005 20200709151835.0
008 190216s9999||||xx |||||||||||||| ||und||
040 _coclc
082 _a297
_bABB/S
100 _aAbbara, Hussein
_93703
245 4 _aThe Striaght Path /
_cHussein Abbara
260 _bThe Department Of Religious Affairs,
_c1978.
_aDoha:
300 _a72p
650 _aIslamic History
942 _cBK
_2ddc
_h297
_iABB/S
_k297
_mABB/S
999 _c22113
_d22113